Champions League final goalscorers - Sudden Death - Statistics

General Stats
  • This quiz has been taken 52 times
    31 since last reset
  • The average score is 21 of 35
Answers on the Grid
Answers color-coded by a green-red scale on the quiz's grid according to % correct below.
Achraf Hakimi
Désiré Doué
Chwitscha Kwarazchelia
Senny Mayulu
Vinícius Junior
Dani Carvajal
Rodri
Kai Havertz
Kingsley Coman
Divock Origi
Mohamed Salah
Karim Benzema
Gareth Bale
Mario Mandžukić
Cristiano Ronaldo
Casemiro
Marco Asensio
Sergio Ramos
Yannick Carrasco
Neymar
Luis Suárez
van Rakitić
Álvaro Morata
Marcelo
Diego Godín
İlkay Gündoğan
Arjen Robben
Thomas Müller
Didier Drogba
Pedro
Lionel Messi
David Villa
Wayne Rooney
Diego Milito
Sadio Mané
Thierry Henry
Ousmane Dembélé
Marco Reus
Erling Haaland
Mason Mount
Phil Foden
Robert Lewandowski
Kylian Mbappé
Harry Kane
Franck Ribéry
Jude Bellingham
Serge Gnabry
Leroy Sane
Heung-Min Son
Virgil van Dijk
Raphinha
Lautaro Martínez
Nicolò Barella
Kevin De Bruyne
Bruno Fernandes
Lamine Yamal
 
Answer Stats
Answer % Correct
Cristiano Ronaldo
84%
Gareth Bale
79%
Mario Mandžukić
79%
Kai Havertz
74%
Lionel Messi
74%
Rodri
74%
Mohamed Salah
68%
Neymar
68%
Vinícius Junior
68%
Arjen Robben
63%
Désiré Doué
63%
Didier Drogba
63%
Divock Origi
63%
Sergio Ramos
63%
David Villa
58%
Diego Milito
58%
Kingsley Coman
58%
Luis Suárez
58%
Achraf Hakimi
53%
Chwitscha Kwarazchelia
53%
Dani Carvajal
53%
Diego Godín
53%
İlkay Gündoğan
53%
Karim Benzema
53%
Marco Asensio
53%
Thomas Müller
53%
van Rakitić
53%
Wayne Rooney
53%
Yannick Carrasco
53%
Marcelo
47%
Pedro
47%
Sadio Mané
47%
Álvaro Morata
42%
Casemiro
42%
Senny Mayulu
42%
No matching quizzes found
Score Distribution
Percent of People with Each Score
Percentile by Number Answered
Your Score History
You have not taken this quiz since the last reset